| 000 | 01318nam a2200217Ia 4500 | ||
|---|---|---|---|
| 003 | Ost | ||
| 005 | 20260507075546.0 | ||
| 008 | 260507s9999||||xx |||||||||||||| ||und|| | ||
| 020 | _a9774280237 | ||
| 040 | _cfsecg | ||
| 041 | _aara | ||
| 082 | _a658.0072 | ||
| 100 |
_aالصيرفي، محمد عبد الفتاح _eمؤلف |
||
| 245 | 0 |
_aبحوث إدارية محكمة : _bقياس مستوى الأداء المميز / _c محمد عبد الفتاح الصيرفي |
|
| 260 |
_aالاسكندرية: _bدار الوفاء لدنيا للنشر والتوزيع, _c2007 |
||
| 300 |
_a199 صفحة؛ _bإيضاحات ؛ _c24 سم |
||
| 520 | _aيضم قياس مستوى الأداء المتميز، المدير الأردني بالمنظمات الصناعية، العوامل المؤثرة على إعفاء المهام الوظيفية بقطاع البترول، دراسة تطبيقية على الهيئة المصرية العامة للبترول وبعض الشركات التابعة لها، دراسة تطبيقية على وحدات القطاع الإداري، سلوكيات التنظيم غير الرسمي وأثرها على مستوى كفاءة العنصر البشري | ||
| 653 | _aالبحوث الإدارية | ||
| 653 | _aتقييم الأداء | ||
| 942 | _cكتاب | ||
| 999 |
_c44893 _d44893 |
||